Tomodachi Life Quiz! - Statistics

General Stats
  • This quiz has been taken 16 times
  • The average score is 6 of 14
Answer Stats
Hint Answer % Correct
Excluding Tomodachi Life: Living the Dream, which has a limit of only 70 Miis, what is the maximum amount of Miis available in Tomodachi Collection and Tomodachi Life? 100
94%
In the American version of the Living the Dream Direct, who "feels a bit more like themself"? Hugh Morris
75%
What feature involving a Mii's kid, is now defunct, thanks to Spotpass and Streetpass being discontinued? Travel
69%
Other than England, what other country's Living the Dream Direct has their main character be named "Marie"? Japan
56%
What is the price to erase a Mii in Tomodachi Life? £21
50%
And how much is it worth? £1000.00
44%
In Tomodachi Life, "trash food" items include mouldy bread, spoiled milk, banana peel and what else? Ruined Meal
44%
What type of traditional Japanese song is in Tomodachi Collection, but not Tomodachi Life? Enka
38%
What is Tomodachi Life called in Japan, where it's the sequel to Tomodachi Collection? Tomodachi Collection: New Life
38%
Which Mii character appears in all three Regional versions of the Living the Dream Direct? Carlo
31%
What is the most expensive Item, not including Interiors or Clothes, in Tomodachi Life? Gold Bar
25%
Tomodachi Collection's songs are not performed in a Concert Hall, because this game doesn't have one. Instead, where are they performed? Mii Apartments
19%
What feature involving a Mii's friendship and potential romance is not in Tomodachi Collection? Compatibility Tester
13%
What is the "Reserved Introvert" personality referred to in the US port of Tomodachi Life? Independent Lone Wolf
6%
No matching quizzes found
Score Distribution
Percent of People with Each Score
Percentile by Number Answered
Your Score History
You have not taken this quiz